000
00293nam a22001337a 4500
008
180209b xxu||||| |||| 00| 0 eng d
020
_a
0459324810
041
_a
eng
080
_a
341
100
_a
14
101
_a
SHJ
245
_a
Parliamentary Rules & Forms
_c
Fraser, A
942
_2
udc
_c
BK
999
_c
42266
_d
42266